000 00916nam a22002177a 4500
003 OSt
005 20180705101208.0
008 150408b2015 slv spa
040 _cBMC
082 _a670.42
100 1 _940238
_aMaye Acosta, Douglas Ismael
245 1 0 _aElaborar manuales organizacionales y de seguridad en producción; artesanía de El Salvador
_b: proyecto
_cDouglas Ismael Maye Acosta
260 _aSanta Ana (El Salvador)
_bUniversidad Católica de El Salvador
_c2016
300 _a174 h.
_c28 cm
_e+ 1 disco compacto
500 _aPrecede al tít.: Universidad Católica de El Salvador, Facultad de Ingeniería y Arquitectura
502 _aPara optar al título de: Ingeniero Industrial
650 2 4 _919919
_aIngeniería industrial
650 2 4 _94331
_aSeguridad industrial
710 2 _91166
_aUniversidad Católica de El Salvador
_bFacultad de Ingeniería y Arquitectura
942 _2ddc
_cTG
999 _c26348
_d26348